Portuguese: Days Quiz Stats

 Plays Quiz Updated Mar 27, 2020

     
Support Sporcle.
Go Orange.
Score 0/10 Timer 05:00
1 Play Today
English Portuguese % Correct
Sundaydomingo
92.8%
Saturdaysábado
90.5%
Mondaysegunda-feira
75.5%
Fridaysexta-feira
73%
Thursdayquinta-feira
71.7%
Tuesdayterça-feira
71.7%
Wednesdayquarta-feira
71.4%
Todayhoje
71.4%
Tomorrowamanhã
67.2%
Yesterdayontem
58.8%

From the Vault

100+ Receptions (New York Giants)

by ASMR

Sports 6m
Most of these receptions were probably made with their hands instead of their helmets.
Remove Ads.
Support Sporcle.
Get the best of Sporcle when you Go Orange. This ad-free experience offers more features, more stats, and more fun while also helping to support Sporcle. Thank you for becoming a member.

Show Comments

Extras

Top Quizzes Today


Score Distribution

Your Account Isn't Verified!

In order to create a playlist on Sporcle, you need to verify the email address you used during registration. Go to your Sporcle Settings to finish the process.

Report this User

Report this user for behavior that violates our Community Guidelines.

Details: